Cuidados básicos del niño sano y del enfermo

Guardado en:
Detalles Bibliográficos
Autores principales: Casassas Sánchez, Roser (Autor), Campos S., María Cecilia (Autor)
Formato: Libro
Lenguaje:español
Publicado: Santiago Universidad Católica de Chile 1994
Colección:Textos universitarios
Materias:
Etiquetas: Agregar Etiqueta
Sin Etiquetas, Sea el primero en etiquetar este registro!

MARC

LEADER 00000nam a2200000 a 4500
001 UCY5434
003 CL-VaPUC
008 950508e19940000CL |||||||||||||||||spa|d
082 0 4 |a 649  |b CAS  |2 21 
100 0 |a Casassas Sánchez, Roser  |e author  |9 334193 
700 0 |a Campos S., María Cecilia  |e author  |9 334194 
245 1 0 |a Cuidados básicos del niño sano y del enfermo 
300 |a 206 p 
942 |c BK 
945 |d 19950508 00:00:00  |a rbrito 
260 |a Santiago  |b Universidad Católica de Chile  |c 1994 
650 7 |a NIÑOS CUIDADO  |2 CL-VaPUC  |9 311421 
650 7 |a ENFERMERIA PEDIATRICA  |2 CL-VaPUC  |9 334195 
650 7 |a CRECIMIENTO  |2 CL-VaPUC  |9 334196 
650 0 |a Desarrollo infantil  |9 308064 
650 0 |a Alimentación  |9 334197 
650 7 |a ENFERMEDADES INFANTILES  |2 CL-VaPUC  |9 334198 
583 |a last modification  |c 19950508 00:00:00  |k Rodrigo Vera 
490 0 |a Textos universitarios 
999 |c 233096  |d 233094 
952 |0 0  |1 0  |4 0  |6 649_000000000000000_CAS_1994  |7 0  |8 A  |9 238263  |a BIBEDU  |b BIBEDU  |d 2019-11-18  |i 3082024  |o 649 CAS 1994  |p 3082024  |r 2019-11-18  |w 2019-11-18  |y BK  |k EPE 
952 |0 0  |1 0  |4 0  |6 649_000000000000000_CAS_1994  |7 0  |8 A  |9 238264  |a BIBEDU  |b BIBEDU  |d 2019-11-18  |i 3082032  |o 649 CAS 1994  |p 3082032  |r 2019-11-18  |w 2019-11-18  |y BK  |k EPE